000 00376cam a2200157ua 4500
003 OSt
008 250512b |||||||| |||| 00| 0 eng d
041 _aeng
082 _a624.171
_bMOR/TH
100 _aMorleg, Arthur .
_97477
245 _aTheory of structures /
250 _a5 /
260 _aLondon :
_bLongman Green and Co ,
_c1962.
300 _a617 ; .
942 _cBK
999 _c8811
_d8811